College Football Matchups: Duke - Statistics

General Stats
  • This quiz has been taken 73 times
    14 since last reset
  • The average score is 12 of 16
Answer Stats
Games Opponent Subdivision % Correct
86 NC State Power 4
100%
113 North Carolina Power 4
100%
23 Florida State Power 4
93%
*21 Miami Power 4
93%
92 Georgia Tech Power 4
86%
77 Virginia Power 4
86%
31 Virginia Tech Power 4
86%
56 Clemson Power 4
79%
44 South Carolina Power 4
79%
50 Maryland Power 4
71%
27 Pittsburgh Power 4
71%
29 Tennessee Power 4
71%
105 Wake Forest Power 4
71%
26 Army Group of 5
43%
40 Navy Group of 5
43%
24 Northwestern Power 4
29%
No matching quizzes found
Score Distribution
Percent of People with Each Score
Percentile by Number Answered
Your Score History
You have not taken this quiz since the last reset